| 000 | 00440nam a2200169 i 4500 | ||
|---|---|---|---|
| 001 | bg | ||
| 245 | 0 | 0 |
_aMiasto i oblicze czasu / _cJ. L. Bielajewa [et al.]. |
| 260 |
_aWarszawa ; _aMoskwa : _b"Arkady" : _b"Strojizdat", _c1973. |
||
| 650 | 9 | _aPlanowanie przestrzenne | |
| 650 | 9 | _aUrbanistyka | |
| 700 | 1 | _aBIELAJEWA, J. L. | |
| 040 | _cBPK | ||
| 041 | 0 | _apol | |
| 080 | _a711 | ||
| 942 | _cKS | ||
| 008 | s pl f |000 0 pol | ||
| 999 |
_c7761 _d7761 |
||
| 856 |
_uhttp://koha.tu.koszalin.pl/cgi-bin/koha/opac-detail.pl?biblionumber=7761 _yKatalog online BPK |
||